Dadah pembunuh
| Main Author: | |
|---|---|
| Format: | Book |
| Published: |
Kuala Lumpur :
Delmu (M) Sdn.Bhd. ,
1992
|
| Subjects: |
MARC
| LEADER | 00000cam a2200000 7i4500 | ||
|---|---|---|---|
| 001 | 0000005923 | ||
| 002 | 000006398 | ||
| 005 | 20000330.0 | ||
| 020 | |a 9839743066 | ||
| 090 | 0 | 0 | |a 362.69 |b ABD |
| 100 | 0 | |a Abdul Ghafar Taib | |
| 245 | 1 | 0 | |a Dadah pembunuh |c Abdul Ghafar Taib |
| 255 | |a Jilid 3 | ||
| 260 | |a Kuala Lumpur : |b Delmu (M) Sdn.Bhd. , |c 1992 | ||
| 300 | |a 44p. : |b ill.c25cm | ||
| 650 | 0 | 0 | |a Drug abuse |z Malaysia |
| 999 | |a 033270 |b BUKU |c MALAYSIANA |e PERPUSTAKAAN KOMUNITI PETALING JAYA | ||
| 999 | |a 047766 |b BUKU |c PINJAMAN |e PERPUSTAKAAN KOMUNITI PETALING JAYA | ||